000 01491nam a22001457a 4500
999 _c518013
_d518013
008 210809b ||||| |||| 00| 0 eng d
100 _aSmith, Kelly B.
_928351
245 _aLearning without widespread policy adoption: Early childhood education in the American states
260 _aPublius: The Journal of Federalism
300 _a50(1), Winter, 2020: p.3-29
520 _aDo states learn from other states through venues other than the legislative enactment of new policies? This article demonstrates that two-way learning can occur through alternative venues: (1) legislators can adjust the budget of similar state policies to mirror other states’ policies and (2) bureaucrats can learn from other states’ policies and incorporate that learning through non-legislative state action, such as standards. Using an original forty-three state, thirteen-year dataset, I find that elected officials can learn from nearby states’ policies and adjust other policies to mirror those states through the budget process. Using an additional and original forty-three state, nineteen-year dataset, I also find the bureaucrats can learn from other states’ policies and incorporate that learning into the development of their own standards. This article assesses how states learn from other states through venues other than legislative enactment of new, diffusing legislation. – Reproduced
773 _aPublius: The Journal of Federalism
906 _aPRIMARY EDUCATION
942 _cAR